000 00254nam a22001097a 4500
008 150527b xxu||||| |||| 00| 0 eng d
020 _a9789280810578
041 0 _aeng
080 _a638.394
100 _aMiyazaki, Nobuyuki
245 0 0 _aMankind and the oceans /
999 _c905
_d905